| 000 | 00340 a2200133 4500 | ||
|---|---|---|---|
| 001 | 87958 | ||
| 082 | _aPR 309 | ||
| 090 |
_c41428 _d41428 |
||
| 100 | _aQaisar shahzad | ||
| 245 |
_ausing Met Plot 1; One source for comprehensive met solutions _nG-58 |
||
| 260 |
_aRisalpur _bNUST _c2003 |
||
| 300 | _a37 p. | ||
| 500 | _aBE project reports AE | ||
| 942 |
_aCAE NUST _kPR 309 |
||
| 999 |
_c323031 _d323031 |
||